Dialog Beruf 3. Deutsch als fremdsprache: Arbeitsbuch

Dades bibliogràfiques
Autor principal: Becker N. Norbert
Altres autors: Braunert J. Jorg
Idioma:alemany
Publicat: Munchen, Max Hueber Verlag, 1996
Matèries:
Format: MixedMaterials Llibre
KOHA link:https://koha.lib.tpu.ru/cgi-bin/koha/opac-detail.pl?biblionumber=12278

MARC

LEADER 00000nam0a2200000 4500
001 12278
005 20231030184204.0
010 |a 3190115923 
035 |a (RuTPU)RU\TPU\book\12354 
035 |a BOOK00012420 
090 |a 12278 
100 |a 20011209d1996 m y0gery50 ba 
101 0 |a ger 
102 |a DE 
105 |a y j 000zy 
200 1 |a Dialog Beruf 3. Deutsch als fremdsprache  |e Arbeitsbuch  |f N. Becker, J. Braunert 
210 |a Munchen  |c Max Hueber Verlag  |d 1996 
215 |a 142 p. 
610 1 |a немецкий язык 
610 1 |a учебные пособия 
686 |a Ш143.24-923  |v LBC/SL-A  |2 rubbk 
700 1 |a Becker  |b N.  |g Norbert 
701 1 |a Braunert  |b J.  |g Jorg 
801 0 |a RU  |b 63413507  |c 20011209  |g PSBO 
801 2 |a RU  |b 63413507  |c 20221004  |g PSBO 
942 |c BK